000 00207nam a22000857a 4500
008 170616b xxu||||| |||| 00| 0 eng d
100 _93439
_aOrlev. U
245 _aGranny Knifs
260 _aNew Delhi
_bN. B. T
_c2009
999 _c6814
_d6814